[Event "23e tournoi de Noël"]
[Site "Montigny le Bretonneux"]
[Date "2024.12.30"]
[Round "7.7"]
[White "Weens, William"]
[Black "Salagnac, Sowan"]
[Result "1/2-1/2"]
[WhiteElo "1782"]
[BlackElo "1702"]
[Annotator "Rivier,Sylvain"]
[PlyCount "134"]
[EventDate "2024.??.??"]
[WhiteTeam "ECHECS 78"]
[BlackTeam "Saint-Quentin en Yvelines"]

{Défense Caro-Kann, variante d'échange} 1. e4 c6 2. d4 d5 3. exd5 cxd5 4. c4
Bf5 5. Nc3 Nf6 6. Nf3 e6 7. Bg5 Be7 8. cxd5 Nxd5 9. Bxe7 Nxc3 10. bxc3 Qxe7 11.
Bb5+ Nd7 12. O-O O-O 13. Re1 Rac8 14. Re3 Nb6 15. Qe1 a6 16. Bf1 Rc7 17. Ne5 f6
18. g4 fxe5 19. gxf5 Rxf5 20. Rxe5 Qg5+ 21. Bg2 Rxe5 22. Qxe5 Qxe5 23. dxe5 Nd5
24. Bxd5 exd5 25. Rd1 Kf7 26. Rxd5 Ke6 27. Rd3 Kxe5 28. Kf1 Ke4 29. Ke2 Rf7 30.
Re3+ Kd5 31. Rh3 h6 32. Re3 Kc4 33. h4 b5 34. h5 Rd7 35. Rg3 a5 36. Rh3 b4 37.
cxb4 axb4 38. Rh4+ Kc3 39. Rh3+ Kb2 40. Rb3+ Kxa2 41. Rxb4 Ka3 42. Rg4 Re7+ 43.
Kf3 Rf7+ 44. Kg3 Kb3 45. Re4 Kc3 46. f4 Kd3 47. Re5 Kd4 48. Kg4 Rd7 49. Rf5 Ke4
50. Rf8 Re7 51. Ra8 Rf7 52. Ra4+ Kd5 53. Ra5+ Ke4 54. Re5+ Kd4 55. Re6 Kd5 56.
f5 Kd4 57. f6 Rxf6 58. Rxf6 gxf6 59. Kf5 Ke3 60. Kxf6 Kf4 61. Kg6 Ke5 62. Kxh6
Kf6 63. Kh7 Kf7 64. Kh6 Kf6 65. Kh7 Kf7 66. Kh8 Kf6 67. Kg8 Kg5 1/2-1/2

[Event "23e tournoi de Noël"]
[Site "Montigny le Bretonneux"]
[Date "2024.12.30"]
[Round "7.8"]
[White "Kunne, Ronald"]
[Black "Artieres, Michel"]
[Result "1-0"]
[WhiteElo "1803"]
[BlackElo "1807"]
[Annotator "Rivier,Sylvain"]
[PlyCount "65"]
[EventDate "2024.??.??"]
[WhiteTeam "Club d'Echecs d'Orsay"]
[BlackTeam "La Dame Noire"]

{Défense moderne} 1. e4 g6 2. d4 Bg7 3. Be3 d6 4. Nc3 Nd7 5. Bc4 e6 6. Qd2 a6
7. a4 b6 8. f4 Bb7 9. Nf3 Ngf6 10. f5 d5 11. exd5 Nxd5 12. fxe6 fxe6 13. Ng5
Nxe3 14. Qxe3 Bh6 15. Qxe6+ Qe7 16. Nf7 Bg7 17. Nxh8 Qxe6+ 18. Bxe6 Bxh8 19.
Bd5 c6 20. Bf3 Bxd4 21. O-O-O Bxc3 22. bxc3 O-O-O 23. Rxd7 Rxd7 24. Bg4 Kc7 25.
Bxd7 Kxd7 26. Rf1 Ke7 27. Rf4 c5 28. g3 Bc8 29. a5 b5 30. Re4+ Kf7 31. Re5 c4
32. Rc5 Bd7 33. Rc7 1-0

[Event "23e tournoi de Noël"]
[Site "Montigny le Bretonneux"]
[Date "2024.12.30"]
[Round "7.9"]
[White "Conq, Alain"]
[Black "Imbert, Nicolas"]
[Result "1/2-1/2"]
[WhiteElo "1831"]
[BlackElo "1640"]
[Annotator "Rivier,Sylvain"]
[PlyCount "66"]
[EventDate "2024.??.??"]
[WhiteTeam "Echiquier Scéen - Sceaux"]
[BlackTeam "Saint-Quentin en Yvelines"]

{Défense moderne} 1. d4 d6 2. e4 Nf6 3. Nc3 g6 4. Nf3 Bg7 5. Bc4 O-O 6. O-O a6
7. a4 c5 8. Be3 Ng4 9. h3 Nxe3 10. fxe3 Nc6 11. Ne2 h6 12. c3 e5 13. dxe5 Nxe5
14. Nxe5 Bxe5 15. Qb3 Qe7 16. Nf4 Kg7 17. Nd5 Qg5 18. Rf3 Be6 19. Raf1 Rab8 20.
Nb6 Bxc4 21. Qxc4 Qe7 22. a5 Qe6 23. Qa4 Rbd8 24. Nd5 f5 25. Nf4 Bxf4 26. Rxf4
fxe4 27. Rxe4 Rxf1+ 28. Kxf1 Rf8+ 29. Kg1 Qd5 30. Qd7+ Rf7 31. Re7 Rxe7 32.
Qxe7+ Kg8 33. Qe8+ Kg7 1/2-1/2

[Event "23e tournoi de Noël"]
[Site "Montigny le Bretonneux"]
[Date "2024.12.30"]
[Round "7.10"]
[White "Martin, Gabriel"]
[Black "Corbillet, Mathieu"]
[Result "1-0"]
[WhiteElo "1753"]
[BlackElo "1631"]
[Annotator "Rivier,Sylvain"]
[PlyCount "59"]
[EventDate "2024.??.??"]
[WhiteTeam "Club d'Echecs d'Orsay"]
[BlackTeam "La Dame Noire"]

{Défense Nimzo-indienne, variante Fischer} 1. d4 e6 2. c4 Nf6 3. Nc3 Bb4 4. e3
b6 5. Nf3 Bb7 6. Qc2 O-O 7. Bd3 h6 8. e4 d6 9. Bd2 c5 10. a3 Bxc3 11. Bxc3 d5
12. e5 dxc4 13. Bxc4 Ne4 14. dxc5 Nxc3 15. Qxc3 bxc5 16. O-O Bxf3 17. Qxf3 Qc7
18. Bb5 Nd7 19. Bxd7 Qxd7 20. Rac1 Qb5 21. b3 Rfc8 22. Rc3 c4 23. bxc4 Qxe5 24.
c5 Rab8 25. c6 Rb6 26. Rd1 Qf6 27. Qxf6 gxf6 28. c7 Kg7 29. f4 f5 30. Rd8 1-0

[Event "23e tournoi de Noël"]
[Site "Montigny le Bretonneux"]
[Date "2024.12.30"]
[Round "7.11"]
[White "Salhi, Clement"]
[Black "Couradin, Jean-Marie"]
[Result "0-1"]
[WhiteElo "1299"]
[BlackElo "1703"]
[Annotator "Rivier,Sylvain"]
[PlyCount "74"]
[EventDate "2024.??.??"]
[WhiteTeam "Club du Canal St-Martin Paris"]
[BlackTeam "La Dame Noire"]

{Ouverture catalane, variante Sokolsky} 1. d4 Nf6 2. Nf3 d5 3. c4 e6 4. g3 Be7
5. Bg2 c6 6. Qc2 Nbd7 7. O-O O-O 8. b3 b6 9. Nbd2 Bb7 10. Bb2 Qc7 11. Rfe1 Rfd8
12. e4 dxe4 13. Nxe4 Rac8 14. Rad1 Nxe4 15. Qxe4 Nf6 16. Qe2 Bb4 17. Rf1 Bf8
18. Ne5 Be7 19. Rc1 Qb8 20. Rfe1 Bb4 21. Bc3 Bxc3 22. Rxc3 Rxd4 23. Rf3 Qd6 24.
Bh3 Re4 25. Re3 Qxe5 26. Rxe4 Qxe4 27. Qxe4 Nxe4 28. Rxe4 Rd8 29. Re2 Rd1+ 30.
Bf1 c5 31. f4 Bf3 32. Rf2 Bg4 33. Kg2 Bf5 34. Kf3 h5 35. Ke3 Kf8 36. Bg2 Rd3+
37. Ke2 Rc3 0-1

[Event "23e tournoi de Noël"]
[Site "Montigny le Bretonneux"]
[Date "2024.12.30"]
[Round "7.12"]
[White "Charlet, Tristan"]
[Black "Fayolle, Guy"]
[Result "1-0"]
[WhiteElo "1399"]
[BlackElo "1696"]
[Annotator "Rivier,Sylvain"]
[PlyCount "60"]
[EventDate "2024.??.??"]
[WhiteTeam "Club d'Echecs d'Orsay"]
[BlackTeam "Saint-Quentin en Yvelines"]

{Défense des deux cavaliers} 1. e4 e5 2. Nf3 Nc6 3. Bc4 Nf6 4. Ng5 d5 5. exd5
Na5 6. Bb5+ c6 7. dxc6 bxc6 8. Bd3 h6 9. Ne4 Nd5 10. O-O Nf4 11. Be2 f5 12. Ng3
g6 13. d3 Bg7 14. Nc3 Nxe2+ 15. Qxe2 O-O 16. f4 exf4 17. Rxf4 Re8 18. Qd2 Nb7
19. Rf1 Nc5 20. Re1 Ne6 21. Nge2 Rb8 22. Rb1 Kh7 23. Nf4 Nxf4 24. Rxe8 Nh3+ 25.
gxh3 Qxe8 26. b3 Bd4+ 27. Kg2 Qf8 28. Qf4 Bb7 29. Ba3 c5+ 30. Kf1 Qe7 1-0

[Event "23e tournoi de Noël"]
[Site "Montigny le Bretonneux"]
[Date "2024.12.30"]
[Round "7.13"]
[White "Longbien, Dominique"]
[Black "Barthere, Gilles"]
[Result "1-0"]
[WhiteElo "1682"]
[BlackElo "1630"]
[Annotator "Rivier,Sylvain"]
[PlyCount "87"]
[EventDate "2024.??.??"]
[WhiteTeam "La Dame Noire"]
[BlackTeam "CE Le Roi Soleil - Le Chesnay - Versailles"]

{Défense sicilienne, système fermé} 1. e4 c5 2. Nc3 Nc6 3. g3 d6 4. Bg2 Nf6
5. h3 g6 6. d3 Bg7 7. Nge2 O-O 8. Be3 a6 9. a4 Qc7 10. Qd2 Rd8 11. Bh6 Bh8 12.
O-O b6 13. f4 Bb7 14. f5 Ne5 15. Nf4 Bg7 16. Bxg7 Kxg7 17. Nfd5 Nxd5 18. Nxd5
Bxd5 19. exd5 Rh8 20. Qc3 f6 21. Rf4 g5 22. Re4 Qd7 23. g4 h5 24. b4 hxg4 25.
hxg4 Rh4 26. bxc5 bxc5 27. d4 cxd4 28. Qxd4 Rc8 29. Rc1 Rc4 30. Qa1 Rxg4 31.
Rxc4 Rxc4 32. Qa3 Qxf5 33. Qb3 Rg4 34. Rf1 Qe4 35. Qh3 Qd4+ 36. Rf2 Qd1+ 37.
Rf1 Qxc2 38. Rf2 Qd1+ 39. Rf1 Qxd5 40. Re1 Nf3+ 41. Kf2 Nxe1 42. Bxd5 Rh4 43.
Qe6 Nd3+ 44. Ke3 1-0

[Event "23e tournoi de Noël"]
[Site "Montigny le Bretonneux"]
[Date "2024.12.30"]
[Round "7.14"]
[White "Nicol, Christian"]
[Black "Benkaci, Massin"]
[Result "0-1"]
[WhiteElo "1579"]
[BlackElo "1655"]
[Annotator "Rivier,Sylvain"]
[PlyCount "64"]
[EventDate "2024.??.??"]
[WhiteTeam "Saint-Quentin en Yvelines"]
[BlackTeam "Club du Canal St-Martin Paris"]

{Partie du pion dame} 1. d4 d5 2. Bf4 Nf6 3. e3 Bf5 4. c4 e6 5. Qb3 b6 6. cxd5
Nxd5 7. Bb5+ c6 8. Bxb8 Bb4+ 9. Nd2 cxb5 10. Bg3 O-O 11. Ngf3 Rc8 12. e4 Bxe4
13. O-O Bc2 14. Qxc2 Rxc2 15. Ne4 Rxb2 16. a3 Bc3 17. Rac1 Rb3 18. Rfd1 Rxa3
19. Bd6 b4 20. Bxf8 Kxf8 21. Ne5 Nf6 22. Kf1 Qd5 23. f3 Qb5+ 24. Kf2 Qe2+ 25.
Kg3 Nh5+ 26. Kh3 Nf4+ 27. Kg3 Nxg2 28. Rg1 Ne3 29. Nxf7 Nf5+ 30. Kf4 Kxf7 31.
Rcd1 Qxh2+ 32. Kg4 Qh4# 0-1

[Event "23e tournoi de Noël"]
[Site "Montigny le Bretonneux"]
[Date "2024.12.30"]
[Round "7.15"]
[White "Neveu, Raphael"]
[Black "Couradin, Bruno"]
[Result "1-0"]
[WhiteElo "1640"]
[BlackElo "1577"]
[Annotator "Rivier,Sylvain"]
[PlyCount "125"]
[EventDate "2024.??.??"]
[WhiteTeam "La Dame Noire"]
[BlackTeam "La Dame Noire"]

{Partie italienne} 1. e4 e5 2. Nf3 Nc6 3. Bc4 d6 4. d3 h6 5. c3 Bg4 6. h3 Bh5
7. Nbd2 Nf6 8. a4 a6 9. O-O Be7 10. Re1 O-O 11. Nf1 Rb8 12. Ng3 Bg6 13. Nh4 Bh7
14. Nhf5 d5 15. exd5 Nxd5 16. Qg4 Bg5 17. Bxg5 hxg5 18. Ne3 Nxe3 19. Rxe3 Qf6
20. Rf3 Qe7 21. Ne4 Bxe4 22. Qxe4 Rbd8 23. Bd5 Qd6 24. Bxc6 bxc6 25. Qc4 a5 26.
Re1 Qd5 27. Qe4 Qxe4 28. Rxe4 f6 29. Rc4 Rd6 30. Kf1 Rb8 31. b4 axb4 32. cxb4
Rb6 33. a5 Ra6 34. Ke2 Kf7 35. Kd2 Ke6 36. Kc3 g6 37. Re3 f5 38. d4 e4 39. f3
Kf6 40. fxe4 fxe4 41. Rxe4 Ra8 42. Rc5 Rad8 43. Rg4 Re6 44. Rcxg5 Kg7 45. Re5
Red6 46. Re7+ Kf6 47. Rxc7 g5 48. Kc4 Kg6 49. h4 Kh5 50. Rxg5+ Kxh4 51. Rc5
Rxd4+ 52. Kb3 Kg3 53. R5xc6 Rb8 54. Rb6 Rbd8 55. a6 Rd3+ 56. Rc3 Rxc3+ 57. Kxc3
Rb8 58. b5 Kxg2 59. Rb7 Kf3 60. a7 Ke4 61. b6 Rc8+ 62. Kb4 Kd5 63. Rb8 1-0

[Event "23e tournoi de Noël"]
[Site "Montigny le Bretonneux"]
[Date "2024.12.30"]
[Round "7.16"]
[White "Moulun, Raphael"]
[Black "Nguyen, Hai Nam"]
[Result "1-0"]
[WhiteElo "1597"]
[BlackElo "1299"]
[Annotator "Rivier,Sylvain"]
[PlyCount "97"]
[EventDate "2024.??.??"]
[WhiteTeam "La Dame Noire"]
[BlackTeam "Club d'Echecs de Guyancourt"]

{Ouverture anglaise, défense anglo-indienne} 1. f4 Nf6 2. c4 e6 3. Nf3 d5 4.
e3 c5 5. b3 Be7 6. Bb2 O-O 7. Be2 Nc6 8. O-O dxc4 9. Bxc4 a6 10. Qc2 Nb4 11.
Qc1 b5 12. Be2 Bb7 13. Ne5 Nd7 14. a3 Nxe5 15. fxe5 Nd3 16. Qc2 Nxb2 17. Qxb2
f6 18. d3 Qd5 19. Bf3 Qxd3 20. Bxb7 Qxe3+ 21. Qf2 Qxe5 22. Nd2 Ra7 23. Rae1 Qc7
24. Bf3 c4 25. bxc4 Bc5 26. Re3 Bxe3 27. Qxe3 Qe7 28. c5 f5 29. c6 f4 30. Qb3
Kh8 31. Re1 Qc5+ 32. Kh1 Qf2 33. Re2 Qc5 34. h3 Re7 35. Bg4 Qxc6 36. Ne4 h6 37.
Qb4 Ree8 38. Nc3 Rf6 39. Ne4 Rf7 40. Nd6 Qc1+ 41. Re1 Qc7 42. Nxe8 Qe7 43. Nd6
Rf6 44. Re5 a5 45. Qd4 Qd7 46. Rxb5 Qc7 47. Ne8 Qc1+ 48. Kh2 Rf8 49. Qxg7# 1-0

[Event "23e tournoi de Noël"]
[Site "Montigny le Bretonneux"]
[Date "2024.12.30"]
[Round "7.17"]
[White "Fasquelle, Yann"]
[Black "Nguyen, Bui Nhat Duy"]
[Result "0-1"]
[WhiteElo "1563"]
[BlackElo "1401"]
[Annotator "Rivier,Sylvain"]
[PlyCount "86"]
[EventDate "2024.??.??"]
[WhiteTeam "Saint-Quentin en Yvelines"]
[BlackTeam "Club d'Echecs d'Orsay"]

{Défense française, variante d'avance} 1. e4 e6 2. d4 d5 3. e5 c5 4. c3 Nc6
5. f4 Qb6 6. Nf3 Bd7 7. b3 cxd4 8. cxd4 Bb4+ 9. Kf2 Nh6 10. a3 Be7 11. Nc3 O-O
12. Na4 Qc7 13. Kg1 Nf5 14. Bb2 f6 15. Rc1 fxe5 16. Nxe5 Bf6 17. g3 Bxe5 18.
dxe5 Be8 19. Qd2 Bg6 20. b4 a6 21. Be2 Qe7 22. Nc5 h5 23. Bf3 Rad8 24. Qf2 Rf7
25. h3 h4 26. Bg4 hxg3 27. Qd2 Nh4 28. Qe2 g2 29. Rh2 Bf5 30. Rc2 d4 31. Rd2
Bxg4 32. Qxg4 Rdf8 33. Nxe6 Nf3+ 34. Kxg2 Nxd2 35. Bc1 Nc4 36. Kh1 N6xe5 37.
Qg1 Qxe6 38. Rg2 Qh6 39. fxe5 Qxh3+ 40. Rh2 Qf3+ 41. Rg2 Qf1 42. Bh6 Qxg1+ 43.
Rxg1 Rf1 0-1

[Event "23e tournoi de Noël"]
[Site "Montigny le Bretonneux"]
[Date "2024.12.30"]
[Round "7.18"]
[White "Bouloc, Roger"]
[Black "Ndika, Anthony"]
[Result "0-1"]
[WhiteElo "1491"]
[BlackElo "1538"]
[Annotator "Rivier,Sylvain"]
[PlyCount "92"]
[EventDate "2024.??.??"]
[WhiteTeam "La Dame Noire"]
[BlackTeam "L'Hay les Roses Echecs et Mat"]

{Défense sicilienne, fianchetto accéléré} 1. e4 c5 2. Nf3 g6 3. d4 cxd4 4.
Nxd4 Bg7 5. Bc4 Nc6 6. Nxc6 bxc6 7. Qf3 e6 8. O-O d5 9. exd5 cxd5 10. Bb3 Ne7
11. c3 O-O 12. Bg5 Qc7 13. Nd2 Bb7 14. Qd1 Nc6 15. Nf3 Na5 16. Rb1 Ba6 17. Re1
Nxb3 18. Qxb3 Bd3 19. Rbc1 Rfb8 20. Qd1 Qc4 21. b3 Qa6 22. b4 Bb5 23. Qd2 Bc4
24. Ne5 Rc8 25. Bh6 Rc7 26. Bxg7 Kxg7 27. Ng4 f5 28. Qh6+ Kh8 29. Ne5 Kg8 30.
Re3 Qd6 31. Rce1 Bxa2 32. Rh3 Qf8 33. Qh4 Qg7 34. Nf3 Qxc3 35. Qd4 Qxd4 36.
Nxd4 e5 37. Ne6 Re7 38. Rxe5 d4 39. Nxd4 Rxe5 40. Re3 Rc8 41. h3 Rxe3 42. fxe3
Rc1+ 43. Kf2 Rb1 44. b5 Bc4 45. Nc6 Ra1 46. Nd4 Ra5 0-1

[Event "23e tournoi de Noël"]
[Site "Montigny le Bretonneux"]
[Date "2024.12.30"]
[Round "7.19"]
[White "Meddour, Ithri"]
[Black "Pages, Clement"]
[Result "1-0"]
[WhiteElo "1483"]
[BlackElo "1538"]
[Annotator "Rivier,Sylvain"]
[PlyCount "109"]
[EventDate "2024.??.??"]
[WhiteTeam "Saint-Quentin en Yvelines"]
[BlackTeam "L'Hay les Roses Echecs et Mat"]

{Début Réti, système Barcza} 1. Nf3 d5 2. g3 Nc6 3. Bg2 e5 4. O-O e4 5. Ne1
Nf6 6. d3 Bf5 7. Nd2 Bc5 8. Nb3 Bb6 9. d4 O-O 10. a4 a5 11. h3 Qd7 12. Kh1 Ra6
13. c3 Ba7 14. Bg5 Qe6 15. Nc2 h6 16. Bf4 Qd7 17. Na3 g5 18. Be3 Ne7 19. Nb5
Bb6 20. Nc5 Bxc5 21. dxc5 Nc6 22. f4 exf3 23. exf3 Re8 24. Qc1 Re7 25. Bxg5
hxg5 26. Qxg5+ Bg6 27. Qxf6 Ne5 28. Qg5 Rae6 29. Nd4 f6 30. Qd2 Nc4 31. Qh6 Kf7
32. Nxe6 Rxe6 33. Rfe1 Nxb2 34. Bf1 Rxe1 35. Rxe1 Nxa4 36. h4 Nxc5 37. h5 Bf5
38. g4 Qd6 39. Kg2 Bc2 40. g5 fxg5 41. Qxg5 Ne6 42. Qd2 Nf4+ 43. Kh1 Ba4 44.
Qd4 Bd7 45. Re5 Qf6 46. Kg1 Qh4 47. Qf2 Qxf2+ 48. Kxf2 Nd3+ 49. Bxd3 Be6 50.
Bf5 Bxf5 51. Rxf5+ Kg7 52. Rxd5 b6 53. Rd7+ Kh6 54. Rxc7 Kxh5 55. Rc6 1-0

[Event "23e tournoi de Noël"]
[Site "Montigny le Bretonneux"]
[Date "2024.12.30"]
[Round "7.20"]
[White "Carbonero, Jean Marc"]
[Black "Rabetrano, Arthur"]
[Result "0-1"]
[WhiteElo "1399"]
[BlackElo "1299"]
[Annotator "Rivier,Sylvain"]
[PlyCount "86"]
[EventDate "2024.??.??"]
[WhiteTeam "La Dame Noire"]
[BlackTeam "AGJA-Echiquier Aquitaine"]

{Défense française, variante d'avance} 1. e4 e6 2. e5 d5 3. d4 c5 4. dxc5
Bxc5 5. c4 Nc6 6. cxd5 Qxd5 7. Qxd5 exd5 8. Nf3 Bg4 9. Be2 Bxf3 10. Bxf3 Nxe5
11. Bxd5 Rd8 12. Bxb7 Nd3+ 13. Ke2 Nb4 14. a3 Nc2 15. Ra2 Nd4+ 16. Kd2 Nb3+ 17.
Kc3 Na5 18. b4 Bd4+ 19. Kc2 Nxb7 20. Re1+ Ne7 21. f3 Bf6 22. Kb3 O-O 23. g4
Rfe8 24. a4 Rd7 25. a5 Rd3+ 26. Ka4 Rxf3 27. a6 Nd8 28. Rae2 Ne6 29. Re4 Rc8
30. Ba3 Rc6 31. b5 Rc5 32. Rc1 Rxc1 33. Bxc1 Nc5+ 34. Kb4 Nxe4 35. Nd2 Bc3+ 36.
Kc4 Nxd2+ 37. Kc5 Nb3+ 38. Kd6 Bb4+ 39. Kc7 Nxc1 40. b6 Nd5+ 41. Kb7 axb6 42.
Kc6 Ra3 43. Kb5 Ra5+ 0-1

[Event "23e tournoi de Noël"]
[Site "Montigny le Bretonneux"]
[Date "2024.12.30"]
[Round "7.21"]
[White "Leblanc, Didier"]
[Black "Chakour, Samir"]
[Result "0-1"]
[WhiteElo "1399"]
[BlackElo "1461"]
[Annotator "Rivier,Sylvain"]
[PlyCount "76"]
[EventDate "2024.??.??"]
[WhiteTeam "Saint-Quentin en Yvelines"]
[BlackTeam "Saint-Quentin en Yvelines"]

{Début Réti, attaque est-indienne} 1. Nf3 e6 2. d3 d5 3. g3 Nf6 4. Bg2 c5 5.
O-O Nc6 6. e3 Qb6 7. b3 Be7 8. Nbd2 Bd7 9. Bb2 e5 10. c3 d4 11. a4 a5 12. Rc1
h5 13. Qc2 Ng4 14. Nb1 dxe3 15. fxe3 Nxe3 16. Rfe1 Nxc2 17. Rxc2 c4+ 18. d4
cxb3 19. Rd2 O-O-O 20. Na3 Bg4 21. Nc4 Qa7 22. Nfxe5 Bg5 23. Rde2 Bxe2 24. Rxe2
Rhe8 25. Nxc6 bxc6 26. Rf2 Re1+ 27. Rf1 Be3+ 28. Kh1 Rxf1+ 29. Bxf1 Re8 30.
Bh3+ Kc7 31. Ba3 Qa8 32. Bc5 Bg5 33. Bd6+ Kd8 34. Nb6 c5+ 35. Nxa8 b2 36. dxc5
b1=Q+ 37. Kg2 Re2+ 38. Kf3 Qd3# 0-1